000 00802nam a2200253 i 4500
001 bg
100 1 _aPIOTROWSKI, Tadeusz.
245 0 0 _aNowy słownik angielsko-polski, polsko-angielski /
_cTadeusz Piotrowski, Zygmunt Saloni.
246 1 1 _aNew English-Polish, Polish-English dictionary
250 _aWyd. 2 popr. i znacznie rozsz.
260 _aWarszawa :
_b"Wilga",
_c2000.
300 _a792 s. ;
_c17 cm.
500 _aTyt. równol. : New English-Polish, Polish-English dictionary.
650 9 _aSłownik angielsko-polski
650 9 _aSłownik polsko-angielski
700 1 _aSALONI, Zygmunt.
020 _a8371566395
040 _cBPK
041 0 _aenpl
080 _a811.111:811.162.1]'374
920 _a83-7156-639-5
942 _cKS
008 s pl f |000 0 pol
999 _c38504
_d38504